| 000 | 00407nam a2200145Ia 4500 | ||
|---|---|---|---|
| 008 | 230917s9999||||xx |||||||||||||| ||und|| | ||
| 040 |
_e75979 _aMAIN |
||
| 041 | _aEnglish | ||
| 082 | _a658.15 M355f | ||
| 100 | _aMarshall, John F | ||
| 245 | 0 | _aFinancial engineering: A complete guide to financial innovations | |
| 260 |
_aNew Delhi _bPrentice-Hall of India _c1996 |
||
| 300 | _axxiv, 728 p. | ||
| 942 | _cBK | ||
| 999 |
_c92365 _d92365 |
||